000 00743nam a2200253Ia 4500
003 OSt
005 20221005082319.0
006 a|||||r|||| 00| 0
007 ta
008 221004b |||||||| |||| 00| 0 eng d
020 _a9788183872560 (hbk)
_c450
024 _a102160
037 _b063, 13/11/2009, Independent Publishers Group
_cTextual
040 _aCRL
_cCRL
_beng
041 _2eng
_aeng
082 _aX:9, P9
100 _aRoy Hiranmoy
_9310068
245 0 _aHuman development scenario
260 _aNew Delhi
_bSerials India
_c2009
300 _aviii,147p.
_ccm.
650 _aECONOMICS
942 _hX:9, P9
_cTEXL
_2cc
999 _c989104
_d989104